Presenting data effectively: Communicating your findings for maximum impact (Record no. 27282)

MARC details
000 -LEADER
fixed length control field 00564nam a2200181Ia 4500
008 - FIXED-LENGTH DATA ELEMENTS--GENERAL INFORMATION
fixed length control field 230917s9999||||xx |||||||||||||| ||und||
020 ## - ISBN
Price USD58
040 ## - CATALOGING SOURCE
-- 248647
Original cataloging agency VIVEKANANDA LIBRARY
041 ## - Language
-- English
082 ## - DDC NUMBER
Classification number 001.4226 E25P(2)
100 ## - MAIN ENTRY--PERSONAL NAME
Personal name Evergreen, Stephanie D H
245 #0 - TITLE STATEMENT
Title Presenting data effectively: Communicating your findings for maximum impact
250 ## - EDITION STATEMENT
Edition statement 2nd ed.
260 ## - PUBLICATION, DISTRIBUTION, ETC. (IMPRINT)
Place of publication, distribution, etc California
Name of publisher, distributor, etc Sage Publications
Date of publication, distribution, etc 2018
300 ## - PHYSICAL DESCRIPTION
Pages xx, 226 p.
500 ## - GENERAL NOTE
General note 3178 18/07/2018 RK18/937 24/07/2018 Ch. Ranbir Singh Institute of Social and
942 ## - ADDED ENTRY ELEMENTS (KOHA)
Koha item type Books
Holdings
Withdrawn status Lost status Damaged status Not for loan Location (home branch) Sublocation or collection (holding branch) Shelving location Date acquired Koha issues (times borrowed) Koha full call number Accession No. Koha date last seen Koha item type
        VIVEKANANDA LIBRARY VIVEKANANDA LIBRARY Chaudhry Ranbir Singh Inst. of Social and Economic Change 13/08/2018   001.4226 E25P(2) 374216 17/09/2023 Books
© Designed and Maintained by Vivekananda Library, MDU Rohtak